000 00716nam a2200229Ii 4500
003 JO-AjNU
008 230605s9999||||xx |||||||||||||| ||und||
017 _a1988/8120
020 _a977-1422-17-0
040 _aJO-AjNU
_bara
_erda
_cJO-AjNU
041 _aara
050 1 4 _aBP136.7.B3448 1989
100 3 _aالبهنساوي، سالم علي,
_eauthor
_99718
245 0 0 _aالسنة المفترى عليها
250 _aط3
264 3 1 _aالمنصورة: دار الوفاء، 1989
300 _a370ص
336 _atext
_btxt
_2rdacontent
337 _aunmediated
_bn
_2rdamedia
338 _avolume
_bnc
_2rdacarrier
650 4 _aالسنة - دفع مطاعن - الحديث - دفع مطاعن
_99719
999 _aA1443
_c5011
_d5011